| 000 | 02825nam a22003614a 4500 | ||
|---|---|---|---|
| 001 | ebr10152579 | ||
| 003 | CaPaEBR | ||
| 006 | m u | ||
| 007 | cr cn||||||||| | ||
| 008 | 060208s2006 caub sb 000 0aeng | ||
| 010 | _z 2006004404 | ||
| 020 | _z0833039202 (pbk. : alk. paper) | ||
| 040 |
_aCaPaEBR _cCaPaEBR |
||
| 035 | _a(OCoLC)560213326 | ||
| 043 |
_af-ae--- _ae-fr--- |
||
| 050 | 1 | 4 |
_aDT295.3.G378 _bA3 2006eb |
| 082 | 0 | 4 |
_a965/.04642092 _aB _222 |
| 100 | 1 |
_aGalula, David, _d1919-1967. |
|
| 245 | 1 | 0 |
_aPacification in Algeria, 1956-1958 _h[electronic resource] / _cDavid Galula ; foreword by Bruce Hoffman. |
| 260 |
_aSanta Monica, CA : _bRAND Corporation, _c2006. |
||
| 300 |
_axl, 460 p. : _bmap. |
||
| 500 | _a"MG-478." | ||
| 500 | _a" A new edition of a Rand classic"--Cover. | ||
| 504 | _aIncludes bibliographical references. | ||
| 505 | 0 | _apt. 1. The stage: i. The background -- ii. Insurgency and counterensurgency in Algeria -- iii. The situation in Kabylia -- iv. The sector of Tigzdrt -- v. The quartier of Aissa Maimoun -- vi. The Third Company and its sous-quartier -- pt. 2. The struggle for control of the population: i. The strategic problem -- ii. No doctrine for the counterinsurgent -- iii. My own theory -- iv. The indoctrination of my company -- v. An operation at sector level -- vi. Occasional contacts with the population -- vii. Moving the company closer to the population -- viii. A platoon detached to Igonane Ameur -- ix. Company routine -- x. Accidental purge of Bou Souar -- xi. Expansion of my sous-quartier, purge of the other villages -- pt. 3. Struggle for the support of the population: i. The situation in Awera in the winter of 1957 -- ii. The municipal reform -- iii. Cleaning Tiziouzou -- iv. Testing the new leaders -- v. Mobilising the population -- vi. Limits to local efforts -- vii. Prisoners and suspects -- viii. Further expansion of the sous-quartier -- ix. An operation in the Mizrana Forest -- x. The manpower crisis in the French army -- xi. Attempts at organizing a party -- pt. 4. War in the Bordj Menaiel Sector: i. The spring of 1958 -- ii. The revolution of May 13 and its aftermath -- pt. 5. Conclusions: i. Major factors in the Algerian War -- ii. Basic principles of counterinsurgent warfare. | |
| 533 |
_aElectronic reproduction. _bPalo Alto, Calif. : _cebrary, _d2013. _nAvailable via World Wide Web. _nAccess may be limited to ebrary affiliated libraries. |
||
| 600 | 1 | 0 |
_aGalula, David, _d1919-1967. |
| 650 | 0 |
_aCounterinsurgency _zAlgeria. |
|
| 651 | 0 |
_aAlgeria _xHistory _yRevolution, 1954-1962 _vPersonal narratives, French. |
|
| 655 | 7 |
_aElectronic books. _2local |
|
| 710 | 2 | _aebrary, Inc. | |
| 856 | 4 | 0 |
_uhttp://site.ebrary.com/lib/rucke/Doc?id=10152579 _zAn electronic book accessible through the World Wide Web; click to view |
| 999 |
_c192417 _d192417 |
||